=LDR 00000nam 2200000 4500 =001 INLIS000000000043822 =005 20131008103833 =008 ***********************************ind** =035 ##$$0010-101300000001744 =041 ##$$a ind =082 ##$$a 808.87 =090 ##$$a 808.87, Dia k =100 ##$$a Dianawati, Ajen =245 ##$$a Kumpulan humor SMS, Ajen Dianawati =260 ##$$a 2003 $b Jakarta =300 ##$$a iv, 104 hlm, 18 cm =650 ##$$a Humor - Kumpulan =850 ##$$a NBPNMAT =990 ##$$a 70587058 =990 ##$$a 01201807058